000 00815nam a22002657a 4500
005 20190702160434.0
008 190702b xxu||||| |||| 00| 0 eng d
020 _a9780140455083
_cRs 399
040 _beng
041 _aEnglish
082 _a871
_bHOR
245 _aHorace satires and epistles
_bPersius satires
_cA verse translation with an introduction and notes by Niall Rudd
250 _aRev ed 1979
260 _aLondon
_bPenguin Books
_c1973
300 _avi,216p
_b20 cm
440 _aPenguin classics
504 _aIncludes bibliography and index
600 _aHorace (Quintus Horatius Flaccus)
_d65 BC
600 _aPersius ( Aules Persius Flaccus)
_dAD 34
650 _aVerse Satire, Latin
650 _aLatin literature
700 _4tr.
_aRudd, Niall
850 _aLCLIB
_bPG
942 _cBK
999 _c42153
_d92632